Normal view
MARC view
Entry Personal Name
001 - CONTROL NUMBER
- control field: 78363
003 - CONTROL NUMBER IDENTIFIER
- control field: OSt
005 - DATE AND TIME OF LATEST TRANSACTION
- control field: 20200222125438.0
008 - FIXED-LENGTH DATA ELEMENTS
- fixed length control field: 200222|| aca||aabn | a|a d
040 ## - CATALOGING SOURCE
- Original cataloging agency: OSt
- Transcribing agency: OSt
100 ## - HEADING--PERSONAL NAME
- Personal name: जैन ,जयंती
670 ## - SOURCE DATA FOUND
- Source citation: Work cat.: (OSt): जैन ,जयंती , तनाव छोडो सफलता पाओ , 2016









